Restrukturyzacja jako technika ratowania i rozwoju przedsiębiorstwa / (Rekord nr 25140)
| 000 -ETYKIETA REKORDU | |
|---|---|
| podpole kontrolne o stałej długości | 01704nam a2200481 i 4500 |
| 001 - NUMER KONTROLNY REKORDU | |
| pole kontrolne | 25140 |
| 003 - IDENTYFIKATOR NUMERU KONTROLNEGO REKORDU | |
| podpole kontrolne | KOSZ 005 |
| 005 - DATA OSTATNIEJ MODYFIKACJI REKORDU | |
| podpole kontrolne | 20200508102503.0 |
| 008 - POLE O STAŁEJ DŁUGOŚCI - DANE KONTROLNE | |
| podpole kontrolne o stałej długości | 980702s1992 pl a f |000 0 pol |
| 015 ## - NUMER BIBLIOGRAFII NARODOWEJ | |
| Numer bibliografii narodowej | UWD 1996/6683 |
| 020 ## - MIĘDZYNARODOWY ZNORMALIZOWANY NUMER KSIĄŻKI - ISBN | |
| ISBN | 8390490323 |
| 035 ## - NUMER SYSTEMOWY | |
| Numer systemowy przejętego rekordu | 991004078229705066 |
| 035 ## - NUMER SYSTEMOWY | |
| Numer systemowy przejętego rekordu | (PL-WaBN)b11083402-48omnis_nlop |
| 035 ## - NUMER SYSTEMOWY | |
| Numer systemowy przejętego rekordu | b11083402 |
| 035 ## - NUMER SYSTEMOWY | |
| Numer systemowy przejętego rekordu | (OCoLC)751173498 |
| 035 ## - NUMER SYSTEMOWY | |
| Numer systemowy przejętego rekordu | (PL)b0000001108340 |
| 035 ## - NUMER SYSTEMOWY | |
| Numer systemowy przejętego rekordu | (EXLNZ-48OMNIS_NETWORK)9910033743605606 |
| 040 ## - ŹRÓDŁO KATALOGOWANIA | |
| Instytucja, która sporządziła opis | WA N |
| Instytucja, która utworzyła rekord | WA N |
| Instytucja, która dokonała modyfikacji | KOSZ 005/EG |
| 080 ## - UNIWERSALNA KLASYFIKACJA DZIESIĘTNA - UKD | |
| UKD | 658.1/.5 |
| 100 1# - NAZWA OSOBOWA | |
| Nazwa osobowa | Kowalczuk-Jakubowska, Danuta |
| Określenie rodzaju współpracy | Autor |
| 245 10 - TYTUŁ/ODPOWIEDZIALNOŚĆ | |
| Tytuł | Restrukturyzacja jako technika ratowania i rozwoju przedsiębiorstwa / |
| Pozostałe elementy strefy tytułu i oznaczenia odpowiedzialności | Danuta Kowalczuk-Jakubowska, Anna Malewicz ; [Instytut Organizacji i Zarządzania w Przemyśle "Orgmasz"]. |
| 250 ## - STREFA WYDANIA | |
| Oznaczenie wydania | [Dodr.]. |
| 260 ## - STREFA ADRESU WYDAWNICZEGO | |
| Miejsce wydania | Warszawa : |
| Nazwa wydawcy/dystrybutora | "Orgmasz", |
| Data publikacji, dystrybucji/powstania dokumentu | 1992 [i.e.] 1995. |
| 300 ## - STREFA OPISU FIZYCZNEGO | |
| Objętość | 136 s. : |
| Inne cechy fizyczne | 3 wykr. ; |
| Rozmiary | 21 cm. |
| 336 ## - TYP ZAWARTOŚCI | |
| Termin opisujący typ zawartości | Tekst |
| Kod określający zawartość | txt |
| Źródło (terminu i kodu) | rdacontent |
| 337 ## - TYP MEDIÓW | |
| Tryb odtwarzania | Bez urządzenia pośredniczącego |
| Kod typu mediów | n |
| Źródło (terminu i kodu) | rdamedia |
| 338 ## - TYP/RODZAJ NOŚNIKA | |
| Hasło opisujące typ nośnika | Wolumin |
| Kod typu nośnika | nc |
| Źródło (terminu i kodu) | rdacarrier |
| 380 ## - FORMA I TYP PUBLIKACJI | |
| Forma i typ publikacji | Książki |
| 388 ## - CZAS POWSTANIA | |
| Czas powstania | 1901-2000 |
| 388 ## - CZAS POWSTANIA | |
| Czas powstania | 1989-2000 |
| 490 1# - STREFA SERII I DOKUMENTU WIELOCZĘŚCIOWEGO - FORMA NIE DO WYSZUKIWANIA | |
| Tytuł i oznaczenie odpowiedzialności serii | Zarządzanie Firmą ; |
| Numeracja w obrębie serii | 14 |
| 504 ## - UWAGA DOTYCZĄCA BIBLIOGRAFII | |
| Informacje o bibliografii | Bibliogr. s. 133-135. |
| 650 #7 - HASŁO PRZEDMIOTOWE W FORMIE NAZWY OGÓLNEJ LUB JEDNOSTKOWEJ | |
| Nazwa ogólna lub geograficzna | Finanse przedsiębiorstwa |
| Źródło hasła lub terminu | DBN |
| 650 #7 - HASŁO PRZEDMIOTOWE W FORMIE NAZWY OGÓLNEJ LUB JEDNOSTKOWEJ | |
| Nazwa ogólna lub geograficzna | Przedsiębiorstwo |
| Źródło hasła lub terminu | DBN |
| 650 #7 - HASŁO PRZEDMIOTOWE W FORMIE NAZWY OGÓLNEJ LUB JEDNOSTKOWEJ | |
| Nazwa ogólna lub geograficzna | Organizacja |
| 650 #7 - HASŁO PRZEDMIOTOWE W FORMIE NAZWY OGÓLNEJ LUB JEDNOSTKOWEJ | |
| Nazwa ogólna lub geograficzna | Prawo |
| 658 ## - TERMIN INDEKSOWY - PRZEDMIOT PROGRAMU NAUCZANIA | |
| Główny przedmiot programu nauczania | Gospodarka, ekonomia, finanse |
| 700 1# - HASŁO DODATKOWE - NAZWA OSOBOWA | |
| Nazwa osobowa | Malewicz, Anna |
| Dopowiedzenie | (organizacja i zarządzanie) |
| Określenie związku między hasłem a opisywanym materiałem | Autor |
| 830 #0 - HASŁO DODATKOWE SERII LUB DOKUMENTU WIELOCZĘŚCIOWEGO - TYTUŁ UJEDNOLICONY | |
| Tytuł ujednolicony | Zarządzanie Firmą ; |
| Oznaczenie tomu | 14 |
| 856 ## - LOKALIZACJA I DOSTĘP DO ELEKTRONICZNYCH DOKUMENTÓW ZDALNYCH | |
| Link (URL) | http://koha.tu.koszalin.pl/cgi-bin/koha/opac-detail.pl?biblionumber=25140 |
| Tekst linku | Katalog online BPK |
| 942 ## - DODATKOWE ELEMENTY (KOHA) | |
| Schemat klasyfikacji | Uniwersalna Klasyfikacja Dziesiętna |
| Typ dokumentu | Książka |
| Wycofany | Status egzemplarza | Uszkodzony | Dostępność | Lokalizacja stała | Lokalizacja bieżąca | Miejsce przechowywania | Sygnatura | Kod kreskowy | Dział | Typ dokumentu | Numer ubytku | Ostatnio wypożyczono |
|---|---|---|---|---|---|---|---|---|---|---|---|---|
| Tylko na miejscu | Biblioteka Politechniki Koszalińskiej | Biblioteka Politechniki Koszalińskiej | Czytelnia BG | P 53363 | 01181142 | 658.1/.5 Organizacja przedsiębiorstwa | Książka | |||||
| Egz. niedostępny | Niedostępny | Biblioteka Politechniki Koszalińskiej | Biblioteka Politechniki Koszalińskiej | P 53364 | 01181135 | Książka | p33512 | 11.10.2014 | ||||
| Tylko na miejscu | Biblioteka Politechniki Koszalińskiej | Biblioteka Politechniki Koszalińskiej | Czytelnia Wydziałowa ul. Kwiatkowskiego 6e | P 53366 | 01181111 | 658.1/.5 Organizacja przedsiębiorstwa | Książka | |||||
| Dostępny | Biblioteka Politechniki Koszalińskiej | Biblioteka Politechniki Koszalińskiej | Wypożyczalnia BG | P 53367 | 01181104 | Książka | 07.09.2023 | |||||
| Dostępny | Biblioteka Politechniki Koszalińskiej | Biblioteka Politechniki Koszalińskiej | Wypożyczalnia BG | P 53368 | 01181098 | Książka | ||||||
| Egz. niedostępny | Niedostępny | Biblioteka Politechniki Koszalińskiej | Biblioteka Politechniki Koszalińskiej | P 53369 | 01181081 | Książka | p33513 | |||||
| Dostępny | Biblioteka Politechniki Koszalińskiej | Biblioteka Politechniki Koszalińskiej | Wypożyczalnia BG | P 53370 | 01181074 | Książka | ||||||
| Dostępny | Biblioteka Politechniki Koszalińskiej | Biblioteka Politechniki Koszalińskiej | Wypożyczalnia BG | P 53371 | 01181067 | Książka | ||||||
| Dostępny | Biblioteka Politechniki Koszalińskiej | Biblioteka Politechniki Koszalińskiej | Wypożyczalnia BG | P 53372 | 01181050 | Książka |
